[Event "ROM-ch U12"]
[White "Danila, Stefan"]
[Black "Oprea, Rares Andrei"]
[Site "Baile Felix"]
[Round "6"]
[Result "1-0"]
[Date "2017.02.06"]
[WhiteElo "1368"]
[BlackElo "1505"]
[PlyCount "110"]
[EventDate "2017.02.02"]
[EventType "swiss"]
[EventRounds "9"]
[EventCountry "ROU"]
[SourceTitle "CBM 176 Extra"]
[Source "ChessBase"]
[SourceDate "2017.03.02"]
[SourceVersion "1"]
[SourceVersionDate "2017.03.02"]
[SourceQuality "1"]

1. d4 d5 2. Nf3 Nf6 3. Bf4 e6 4. e3 Nbd7 5. h3 Be7 6. Nbd2 0-0 7. c3 c5 8. Bd3 b6 9. 0-0 Bb7 10. Rc1 Rc8 11. c4 cxd4 12. exd4 dxc4 13. Nxc4 Nd5 14. Bg3 N7f6 15. Ne3 Rxc1 16. Qxc1 Nb4 17. Be2 Bxf3 18. Bxf3 Qxd4 19. Qc7 Bc5 20. a3 Nbd5 21. Nxd5 Nxd5 22. Bxd5 exd5 23. b4 a6 24. bxc5 Qxc5 25. Qxc5 bxc5 26. Bd6 Rc8 27. Rc1 c4 28. Be5 f6 29. Bd4 Kf7 30. Kf1 Kg6 31. Ke2 Re8+ 32. Kf3 h5 33. Rd1 Rb8 34. Bc5 c3 35. Rc1 Rb3 36. Ke2 Kf5 37. Kd3 c2+ 38. Kxc2 Rb5 39. Kd3 Ke5 40. Re1+ Kf5 41. Kd4 g5 42. Kxd5 g4 43. h4 Kf4 44. g3+ Kf3 45. Re6 Rxc5+ 46. Kxc5 Kxf2 47. Rxf6+ Kxg3 48. Rxa6 Kxh4 49. Rg6 g3 50. Kd4 Kh3 51. Ke3 h4 52. Kf3 g2 53. a4 Kh2 54. Rxg2+ Kh1 55. Rb2 h3 1-0

[Event "ROM-ch U12"]
[White "Oprea, Rares Andrei"]
[Black "Metehau, Luca Mihnea"]
[Site "Baile Felix"]
[Round "2"]
[Result "1/2-1/2"]
[Date "2017.02.03"]
[WhiteElo "1505"]
[BlackElo "1757"]
[PlyCount "73"]
[EventDate "2017.02.02"]
[EventType "swiss"]
[EventRounds "9"]
[EventCountry "ROU"]
[SourceTitle "CBM 176 Extra"]
[Source "ChessBase"]
[SourceDate "2017.03.02"]
[SourceVersion "1"]
[SourceVersionDate "2017.03.02"]
[SourceQuality "1"]

1. d4 d5 2. c4 e6 3. Nc3 Nf6 4. cxd5 exd5 5. Bg5 Be7 6. e3 c6 7. Bd3 0-0 8. Nge2 Re8 9. 0-0 Ne4 10. Bf4 Bf8 11. Qc2 Qe7 12. f3 Nf6 13. e4 dxe4 14. fxe4 h6 15. Rae1 Bg4 16. Ng3 Qb4 17. Be3 Nbd7 18. a3 Qe7 19. Bd2 Rac8 20. e5 Nd5 21. Nge4 Qe6 22. Bc4 N7b6 23. Bd3 c5 24. dxc5 Bxc5+ 25. Nxc5 Rxc5 26. h3 Bh5 27. Bf5 Qc6 28. Qb1 Nxc3 29. Bxc3 Na4 30. Be4 Qe6 31. Bf5 Nxc3 32. bxc3 Qc4 33. Qxb7 Qxc3 34. e6 fxe6 35. Rxe6 Re5 36. Rxe8+ Rxe8 37. Qd5+ 1/2-1/2

[Event "ROM-ch U10"]
[White "Panturu, Octavian Nicu"]
[Black "Oprea, Rares Andrei"]
[Site "Calimanesti"]
[Round "8"]
[Result "1-0"]
[Date "2014.04.12"]
[WhiteElo "1394"]
[BlackElo "1277"]
[PlyCount "95"]
[EventDate "2014.04.06"]
[EventType "swiss"]
[EventRounds "9"]
[EventCountry "ROU"]
[SourceTitle "CBM 160 Extra"]
[Source "ChessBase"]
[SourceDate "2014.07.01"]
[SourceVersion "1"]
[SourceVersionDate "2014.07.01"]
[SourceQuality "1"]

1. e4 d5 2. exd5 Nf6 3. d4 Bg4 4. f3 Bf5 5. c4 c6 6. dxc6 Nxc6 7. Be3 e6 8. a3 a5 9. Nc3 Be7 10. Nge2 0-0 11. Ng3 Bg6 12. Be2 Qb6 13. Nb5 Rfd8 14. Qc1 Na7 15. Nxa7 Qxa7 16. 0-0 Rac8 17. Qd2 e5 18. d5 Bc5 19. Bxc5 Qxc5+ 20. Kh1 b5 21. b3 e4 22. fxe4 Bxe4 23. Nxe4 Nxe4 24. Qf4 Nf6 25. Qf2 Qd6 26. Qe3 Kh8 27. Rfd1 Re8 28. cxb5 Ne4 29. Bd3 Qxd5 30. Bxe4 Qxe4 31. Qxe4 Rxe4 32. Re1 Rxe1+ 33. Rxe1 g6 34. h3 Rc3 35. Rb1 Kg7 36. a4 Kf6 37. b4 axb4 38. Rxb4 Rc8 39. a5 Ra8 40. b6 Ke6 41. b7 Rb8 42. a6 Kd7 43. a7 Re8 44. b8Q Rxb8 45. axb8Q Ke7 46. Rd4 Kf6 47. Qf4+ Kg7 48. Rd7 1-0

[Event "ROM-ch U10"]
[White "Tablan, Matei Christian"]
[Black "Oprea, Rares Andrei"]
[Site "Calimanesti"]
[Round "6"]
[Result "0-1"]
[Date "2014.04.10"]
[WhiteElo "1533"]
[BlackElo "1277"]
[PlyCount "48"]
[EventDate "2014.04.06"]
[EventType "swiss"]
[EventRounds "9"]
[EventCountry "ROU"]
[SourceTitle "CBM 160 Extra"]
[Source "ChessBase"]
[SourceDate "2014.07.01"]
[SourceVersion "1"]
[SourceVersionDate "2014.07.01"]
[SourceQuality "1"]

1. e4 e5 2. Nf3 Nf6 3. d3 Nc6 4. h3 Bc5 5. Be2 d6 6. Bg5 Be6 7. 0-0 h6 8. Bh4 g5 9. Bg3 Qd7 10. Nh2 h5 11. h4 0-0-0 12. Kh1 g4 13. f4 gxf3 14. Bxf3 d5 15. exd5 Bxd5 16. Nc3 Rhg8 17. Bxd5 Nxd5 18. Nxd5 Qxd5 19. c4 Qe6 20. Bf2 Qg6 21. g4 hxg4 22. Bxc5 g3 23. Rg1 g2+ 24. Rxg2 Qxg2# 0-1

[Event "ROM-ch U10"]
[White "Sarighioleanu, Sebastian Laurentiu"]
[Black "Oprea, Rares Andrei"]
[Site "Calimanesti"]
[Round "4"]
[Result "0-1"]
[Date "2014.04.09"]
[WhiteElo "1467"]
[BlackElo "1277"]
[PlyCount "112"]
[EventDate "2014.04.06"]
[EventType "swiss"]
[EventRounds "9"]
[EventCountry "ROU"]
[SourceTitle "CBM 160 Extra"]
[Source "ChessBase"]
[SourceDate "2014.07.01"]
[SourceVersion "1"]
[SourceVersionDate "2014.07.01"]
[SourceQuality "1"]

1. Nf3 d5 2. d4 Bf5 3. e3 Nf6 4. c4 e6 5. Nc3 Bb4 6. Bd2 0-0 7. a3 Bxc3 8. Bxc3 Nc6 9. Be2 Ne4 10. 0-0 Nxc3 11. bxc3 Na5 12. cxd5 exd5 13. Nd2 Qd6 14. c4 dxc4 15. Nxc4 Nxc4 16. Bxc4 c6 17. a4 Rfb8 18. Qb3 Be6 19. Bxe6 fxe6 20. Rfc1 Qd5 21. Qc3 a6 22. Qc5 Qxc5 23. Rxc5 Kf7 24. g3 Rc8 25. a5 Rd8 26. Rb1 Rab8 27. Kg2 Rd5 28. Rbc1 Kf6 29. f4 Ke7 30. R1c4 Rbd8 31. Kf3 h5 32. h3 g6 33. Rxd5 Rxd5 34. Rc5 Kd6 35. Rxd5+ Kxd5 36. g4 Kc4 37. gxh5 gxh5 38. Ke4 Kb5 39. f5 exf5+ 40. Kxf5 Kxa5 41. e4 b5 42. e5 b4 43. e6 b3 44. e7 b2 45. e8Q b1Q+ 46. Kf4 Qf1+ 47. Kg3 Qg1+ 48. Kf3 Qf1+ 49. Kg3 Qd3+ 50. Kh2 Qxd4 51. Qxh5+ c5 52. Kg2 Kb4 53. Qg4 a5 54. Kf1 Qc4+ 55. Qxc4+ Kxc4 56. h4 a4 0-1